La revisin̤ de la sentencia firme en el proceso civil

Detalles Bibliográficos
Autor principal: Vallespn̕ Přez, David
Formato: Desconocido
Lenguaje:español
Publicado: Barcelona : Atelier, 2007
Colección:Serie mayor (Atelier)
Materias:
Acceso en línea:Acceso restringido

MARC

LEADER 00000ny a22000003n 4500
005 20110621140323.0
008 040420s2007 sp 000 0 spa d
020 |a 9788495458667 
035 |a 631 
040 |a BUO  |d vLex 
080 |a 347.95(460) 
090 |c 961  |d 961 
100 1 |a Vallespn̕ Přez, David 
245 1 3 |a La revisin̤ de la sentencia firme en el proceso civil  |h [Recurso electrn̤ico]  |c David Vallespn̕ Přez 
256 |a Servicio en ln̕ea 
260 |a Barcelona :  |b Atelier,  |c 2007 
300 |a 116 p. ;  |c 24 cm 
490 1 |a Serie mayor 
504 |a Bibliografa̕ 
506 1 |a Contenido solo disponible en los productos indicados  |d vLex Global  |d vLex Global (Academic Edition, excluding Law Schools)  |d vLex Global (U.S. Academic Edition, Law Schools)  |d vLex Global (U.S. Academic Edition, excluding Law Schools)  |d vLex Global (Academic Edition, Law Schools) 
650 0 7 |a Recurso de revisin̤  |2 Tesauro vLex 
650 0 7 |a Recursos  |2 Tesauro vLex 
650 0 7 |a Sentencia  |2 Tesauro vLex 
650 0 7 |a Procesal  |2 Tesauro vLex 
650 0 7 |a Proceso  |2 Tesauro vLex 
650 0 7 |a Recursos procesales  |2 Tesauro vLex 
650 0 7 |a Recurso de revisin̤  |2 Tesauro vLex 
650 0 7 |a Proceso civil  |2 Tesauro vLex 
740 0 |a vLex Libros (Servicios en ln̕ea) 
830 0 |a Serie mayor (Atelier) 
856 4 0 |u http://vlex.com/source/631  |z Acceso restringido 
942 |c BOOK